| 000 | 00000nam##2200000za#4500 |
| 001 | 9.639148 |
| 003 | CaOODSP |
| 005 | 20210624222023 |
| 007 | cr ||||||||||| |
| 008 | 150407|2000||||xxc|||||o f|0| 0 fre|d |
| 040 | |aCaOODSP|bfre |
| 043 | |an-cn--- |
| 086 | 1 |aEn4-151/2000F-PDF |
| 110 | 1 |aCanada. |bEnvironnement Canada. |
| 245 | 10|aPlanifier le changement : |h[ressource électronique]|bplanification stratégique et développement de programmes à l'intention des organismes à but non lucratif / |c[en collaboration avec] le Centre national de prévention du crime et Santé Canada. |
| 260 | |bEnvironnement Canada |c2000. |
| 300 | |a40p.|bfigures en couleur, tableaux |
| 504 | |aBibliographie. |
| 590 | |a12-29-Supp|b2012-06-25 |
| 691 | 07|aGestion|2gcpds |
| 691 | 07|aOrganisme à but non lucratif|2gcpds |
| 775 | 08|tPlanning for change : |w(CaOODSP)9.694987 |
| 856 | 40|ahttp://publications.gc.ca|qPDF|s195 Ko|uhttps://publications.gc.ca/collections/Collection/EN1-35-3-2001F.pdf |